Normal view
MARC view
- WATER QUALITY MANAGEMENT.WATER POLLUTION.WATERSHED MANAGEMENT
Entry Topical Term
001 - CONTROL NUMBER
- control field: 64261
003 - CONTROL NUMBER IDENTIFIER
- control field: NUST
005 - DATE AND TIME OF LATEST TRANSACTION
- control field: 20210628203239.0
008 - FIXED-LENGTH DATA ELEMENTS
- fixed length control field: 210628|| aca||aabn | a|a d
040 ## - CATALOGING SOURCE
- Original cataloging agency: NUST
- Transcribing agency: NUST
150 ## - HEADING--TOPICAL TERM
- Topical term or geographic name entry element: WATER QUALITY MANAGEMENT.WATER POLLUTION.WATERSHED MANAGEMENT
670 ## - SOURCE DATA FOUND
- Source citation: Work cat.: (NUST): Jones, Cy, Bacon, Lisa, Kieser, Mark S 64260, Water quality trading, a guide for the wastewater community, 2006
